| 000 | 01127nam a2200349 a 4500 | ||
|---|---|---|---|
| 003 | AR-BaBNM | ||
| 005 | 20251128205535.0 | ||
| 008 | 082120s2002 ||||||||||||||000 | spa|| | ||
| 020 | _a987-96324-0-0 | ||
| 040 | _cAR-BaBNM | ||
| 110 | 2 |
_aUnión Personal Civil de la Nación _9UPCN _bSeccional Capital Federal y Empleados Públicos Nacionales |
|
| 245 | 0 | 0 |
_aViolencia laboral _bestudio sobre acoso sexual |
| 260 |
_aBuenos Aires _bUPCN _c1997 |
||
| 300 |
_a189 p. _btablas, il. |
||
| 504 | _aBibliografía: p. 188-189 | ||
| 650 | 4 | _aVIOLENCIA | |
| 650 | 4 | _aABUSO SEXUAL | |
| 650 | 4 | _aRELACIONES LABORALES | |
| 650 | 4 | _aDERECHOS DE LA MUJER | |
| 650 | 4 | _aESTATUTOS DE LOS SINDICATOS | |
| 650 | 4 | _aIGUALDAD DE DERECHOS DEL HOMBRE Y DE LA MUJER | |
| 650 | 4 | _aCONDICIONES DE TRABAJO | |
| 700 | 1 | _aValenziano, Zunilda Rosa | |
| 700 | 1 | _aBadaracco, María Zelmira | |
| 700 | 1 | _aBallester, Ana Inés | |
| 700 | 1 | _aArriola, Mónica | |
| 700 | 1 | _aGonzález, Carmen Sara | |
| 700 | 1 |
_aRodríguez, Esteban Andrés _eprologuista |
|
| 710 | 1 |
_aArgentina _bSecretaría de la Mujer |
|
| 942 | _cBK | ||
| 998 | _cSILVI | ||
| 999 |
_c11803 _d11803 |
||